[Quelques jours aux rives du Tech (Pyrénées-Orientales)/Maurice Gourdon]. (Registro nro. 154691)

Detalles MARC
000 -LEADER
campo de control de longitud fija 00690nam a2200181 i 4500
001 - NÚMERO DE CONTROL
campo de control 154691
003 - IDENTIFICADOR DE NÚMERO DE CONTROL
campo de control ES-MaACL
005 - FECHA Y HORA DE LA ÚLTIMA TRANSACCIÓN
campo de control 20230906205823.0
008 - DATOS DE LONGITUD FIJA--INFORMACIÓN GENERAL
campo de control de longitud fija 040709s1885 fr |||| | fre d
040 ## - FUENTE DE CATALOGACIÓN
Centro catalogador/agencia de origen CAM
Lengua de catalogación spa
Centro/agencia transcriptor CAM
100 1# - ENTRADA PRINCIPAL--NOMBRE DE PERSONA
Nombre de persona Gourdon, Maurice.
9 (RLIN) 127500
245 10 - MENCIÓN DEL TÍTULO
Título [Quelques jours aux rives du Tech (Pyrénées-Orientales)/Maurice Gourdon].
260 ## - PUBLICACIÓN, DISTRIBUCIÓN, ETC.
Lugar de publicación, distribución, etc. [S.l. :
Nombre del editor, distribuidor, etc. s.n.,
Fecha de publicación, distribución, etc. s.a.]
300 ## - DESCRIPCIÓN FÍSICA
Extensión 8 p. ;
Dimensiones 25 cm.
594 ## - Nota al título y mención de responsabilidad
Nota al título y mención de responsabilidad Tit. tomado de comienzo de texto y autor tomado de final de texto.
596 ## - NOTA AL PIE DE IMPRENTA
NOTA AL PIE DE IMPRENTA Texto fechado en 1885.
852 ## - LOCALIZACIÓN
Ubicación ES-MaACL
Número de control de estantería T-904-F-1
Nota libre -- Enc. hol.
-- -- Legado de Federico de Botella y de Hornos
condición física -- Falto de la port.
Nota libre -- Enc. en un vol. facticio
Existencias
Estatus retirado Estado de pérdida Estado de daño No para préstamo Colección Biblioteca de origen Biblioteca actual Ubicación en estantería Fecha de adquisición Total de préstamos Signatura topográfica completa Código de barras Visto por última vez Precio de reemplazo Tipo de ítem Koha
        Colección de folletos Biblioteca del Ateneo de Madrid Biblioteca del Ateneo de Madrid Depósito folletos 17/01/2008   T-904-F-1 1161796 23/02/2023 23/02/2023 Folleto